000 00558nam a22001817a 4500
005 20250519130430.0
008 250519b |||||||| |||| 00| 0 eng d
040 _cDO
245 _aRana tharu
250 _aSeptember 2000 Vol. 198 No. 3
490 _aNational Geographic
520 _aThe Unbeatable Body, The Way West, Lost Tombs of Peru, Rana Tharu Women, The rise of Life on Earth, In Search of the Clouded Leopard, Montone, Texas
650 _xTOMBS
650 _xNEPALESE
650 _xPERMIAN EXTINCTION
650 _xLEOPARD
942 _2ddc
_cCR
999 _c5529
_d5529